<?xml version="1.0" encoding="UTF-8"?>
<record
    xmlns:xsi="http://www.w3.org/2001/XMLSchema-instance"
    xsi:schemaLocation="http://www.loc.gov/MARC21/slim http://www.loc.gov/standards/marcxml/schema/MARC21slim.xsd"
    xmlns="http://www.loc.gov/MARC21/slim">

  <leader>01132nam a22002177a 4500</leader>
  <controlfield tag="001"> </controlfield>
  <controlfield tag="003">OSt </controlfield>
  <controlfield tag="005">20260127155814.0</controlfield>
  <controlfield tag="008">260127b        |||||||| |||| 00| 0 eng d</controlfield>
  <datafield tag="016" ind1=" " ind2=" ">
    <subfield code="2"> </subfield>
  </datafield>
  <datafield tag="020" ind1=" " ind2=" ">
    <subfield code="a">9789356961210</subfield>
  </datafield>
  <datafield tag="041" ind1=" " ind2=" ">
    <subfield code="a">Eng</subfield>
  </datafield>
  <datafield tag="082" ind1=" " ind2=" ">
    <subfield code="2">2nd</subfield>
    <subfield code="a">004.SRE</subfield>
  </datafield>
  <datafield tag="100" ind1=" " ind2=" ">
    <subfield code="a">SREEVANI R</subfield>
  </datafield>
  <datafield tag="245" ind1=" " ind2=" ">
    <subfield code="a">Health/Nursing Informatics and Technology (Computer for Nurses)Semester -II</subfield>
  </datafield>
  <datafield tag="260" ind1=" " ind2=" ">
    <subfield code="a">New Delhi </subfield>
    <subfield code="b">Jaypee Brothers Medical Publishers </subfield>
    <subfield code="c">2025</subfield>
  </datafield>
  <datafield tag="300" ind1=" " ind2=" ">
    <subfield code="a">236 P</subfield>
  </datafield>
  <datafield tag="500" ind1=" " ind2=" ">
    <subfield code="a">A comprehensive textbook compiled as per the revised INC syllabus for undergraduate nursing students.
Written in easy-to-understand language following a lucid style.
Comprehensively covers all topics on 'Health/Nursing Informatics and Technology.
Well-illustrated with tables and figures making it reader-friendly.
Question bank provided at the end of each unit to improve self-evaluation and ensure robustness in various examinations.
A life-long companion for basic nursing students and those pursuing higher education.
A must-own text for all healthcare professionals.
</subfield>
  </datafield>
  <datafield tag="610" ind1=" " ind2=" ">
    <subfield code="a">Computer </subfield>
    <subfield code="9">216496</subfield>
  </datafield>
  <datafield tag="942" ind1=" " ind2=" ">
    <subfield code="2">ddc</subfield>
    <subfield code="c">DB</subfield>
  </datafield>
  <datafield tag="999" ind1=" " ind2=" ">
    <subfield code="c">370160</subfield>
    <subfield code="d">370160</subfield>
  </datafield>
  <datafield tag="952" ind1=" " ind2=" ">
    <subfield code="0">0</subfield>
    <subfield code="1">0</subfield>
    <subfield code="2">ddc</subfield>
    <subfield code="4">0</subfield>
    <subfield code="7">0</subfield>
    <subfield code="a">SNCN</subfield>
    <subfield code="b">SNCN</subfield>
    <subfield code="d">2026-01-23</subfield>
    <subfield code="e">Donated BY Switi Kolhe</subfield>
    <subfield code="g">550.00</subfield>
    <subfield code="i">IK#2025-26#00913</subfield>
    <subfield code="l">0</subfield>
    <subfield code="o">004 SRE</subfield>
    <subfield code="p">SNCN-DB-351</subfield>
    <subfield code="r">2026-01-27 10:29:00</subfield>
    <subfield code="v">550.00</subfield>
    <subfield code="w">2026-01-27</subfield>
    <subfield code="y">DB</subfield>
  </datafield>
</record>
